02704cam a2200277 a 45000010009000000050017000090080041000260100017000670200035000840200040001190350013001590400018001720410012001900430012002020500025002141000029002392450085002682600067003533000025004205040064004455201728005096500075022379420008023129520091023209990015024111187307120260309093626.0991220s2000 mau b 001 0 eng  a 99086569  a0674001648qcloth : alk. paper a9780674001640q(cloth : alk. paper) a11873071 aDLCcDLCdDLC aEnglish an-us---00aNX705.5.U6bC38 2000 aCaves, Richard E.92684710aCreative industries b: contracts between art and commerce c/ Richard E. Caves. aCambridge, Mass. ;aLondon :bHarvard University Press,c2000. aix, 454 p. ;c25 cm. aIncludes bibliographical references (p. 371-447) and index. aThis book explores the organization of creative industries, including the visual and performing arts, movies, theater, sound recordings, and book publishing. In each, artistic inputs are combined with other, "humdrum" inputs. But the deals that bring these inputs together are inherently problematic: artists have strong views; the muse whispers erratically; and consumer approval remains highly uncertain until all costs have been incurred. To assemble, distribute, and store creative products, business firms are organized, some employing creative personnel on long-term contracts, others dealing with them as outside contractors; agents emerge as intermediaries, negotiating contracts and matching creative talents with employers. Firms in creative industries are either small-scale pickers that concentrate on the selection and development of new creative talents or large-scale promoters that undertake the packaging and widespread distribution of established creative goods. In some activities, such as the performing arts, creative ventures facing high fixed costs turn to nonprofit firms. To explain the logic of these arrangements, the author draws on the analytical resources of industrial economics and the theory of contracts. He addresses the winner-take-all character of many creative activities that brings wealth and renown to some artists while dooming others to frustration; why the "option" form of contract is so prevalent; and why even savvy producers get sucked into making "ten-ton turkeys," such as Heaven's Gate. However different their superficial organization and aesthetic properties, whether high or low in cultural ranking, creative industries share the same underlying organizational logic. 0aArts - Economic aspects - United States- History 20th century.926848 2lcc 00102lcc4070aTBSbTBSd2026-03-09l0r2026-03-09t1w2026-03-09y1zSOON AVAILABLE c5399d5399